000 00345 a2200157 4500
001 188146
020 _a978-85-262-6759-6
040 _cMagnum
100 _aMelo, Chico Homem de
240 1 0 _aO outro nome do bicho
_lpor
245 1 0 _aO outro nome do bicho
300 _a32
362 0 _a2007
697 _aLITERATURA INFANTO
942 _cBK
999 _c188146
_d188146